Central Library OPAC University of Rajshahi

The genetic function of mitochondrial DNA : (Record no. 72569)

MARC details
000 -LEADER
fixed length control field 01053nam a2200253 a 4500
001 - CONTROL NUMBER
control field 72569
003 - CONTROL NUMBER IDENTIFIER
rucl marc code BD-RjUL
005 - DATE AND TIME OF LATEST TRANSACTION
control field 20211209082258.0
008 - FIXED-LENGTH DATA ELEMENTS--GENERAL INFORMATION
fixed length control field 170521s1976 ne a b 101 0 eng
020 ## - INTERNATIONAL STANDARD BOOK NUMBER
International Standard Book Number 0720405866 :
Terms of availability fl 74.00
035 ## - SYSTEM CONTROL NUMBER
System control number (BD-RjUL)72787
040 ## - CATALOGING SOURCE
Original cataloging agency DLC
Transcribing agency DLC
Modifying agency BD-RjUL
Language of cataloging eng
041 ## - LANGUAGE CODE
Language code of text/sound track or separate title eng
082 00 - DEWEY DECIMAL CLASSIFICATION NUMBER
Classification number 572.869
Edition number 23
Author mark and year GEN 1976
245 14 - TITLE STATEMENT
Title The genetic function of mitochondrial DNA :
Remainder of title proceedings of the International Bari Conference on the Genetic Function of Mitochondrial DNA, Riva dei Tessali, Italy, 25-29 May, 1976 /
Statement of responsibility, etc. editors C. Saccone and A. M. Kroon.
260 ## - PUBLICATION, DISTRIBUTION, ETC. (IMPRINT)
Place of publication, distribution, etc. Amsterdam ;
-- New York :
Name of publisher, distributor, etc. North-Holland Pub. Co.,
Date of publication, distribution, etc. c1976.
300 ## - PHYSICAL DESCRIPTION
Pagination xiii, 354 p. :
Illustrations ill. ;
Size 24 cm.
504 ## - BIBLIOGRAPHY, ETC. NOTE
Bibliography, etc Includes bibliographical references and index.
650 #0 - SUBJECT ADDED ENTRY--TOPICAL TERM
Topical term or geographic name as entry element Mitochondrial DNA
General subdivision Congresses.
9 (RLIN) 214649
700 1# - ADDED ENTRY--PERSONAL NAME
Personal name Saccone, C.
Personal name Kroon, A. M.
711 ## - ADDED ENTRY--MEETING NAME
Meeting name or jurisdiction name as entry element International Bari Conference on the Genetic Function of Mitochondrial DNA,
Location of meeting Riva dei Tessali, Italy,
Date of meeting 10th,
Subordinate unit 1976.
9 (RLIN) 214652
942 ## - ADDED ENTRY ELEMENTS (KOHA)
Source of classification or shelving scheme Dewey Decimal Classification
Koha item type Books
Holdings
Lost status Source of classification or shelving scheme Damaged status Not for loan Collection code Permanent Location Current Location Shelving location Date acquired Source of acquisition Total Checkouts Full call number Date last seen Copy number Koha item type
  Dewey Decimal Classification   Not For Loan Non-fiction Central Library, University of Rajshahi Central Library, University of Rajshahi Reading Room 30/10/1980 Netharland   572.869 GEN 1976 21/05/2017 C-1 Books